| 000 | 00515nam a22001457a 4500 | ||
|---|---|---|---|
| 020 | _a81-7564-107-X | ||
| 082 |
_a503 _bSHA/D |
||
| 100 | _aSHARMA, L.K | ||
| 245 | _aDICTIONARY OF SCIENCE | ||
| 260 |
_aDELHI _bSAHNI PUBLICATIONS |
||
| 300 | _a372 | ||
| 520 | _aCOMPILATION OF LATEST IMPORTANT TERMS USED IN PHYSICS, CHEMISTRY, COMPUTERS, LIFE SCIENCES, EARTH SCIENCES AND ENGINEERING AND TECHNOLOGY. BASIC PRINCIPLES, PHENOMENA, CLASSIFICATIONS AND DEFINITIONS. | ||
| 650 |
_aBIOLOGY REFERENCE _zINDIA |
||
| 942 | _cBK | ||
| 999 |
_c1356 _d1356 |
||